[Event "SLO-ch U16"]
[Site "Murska Sobota"]
[Date "2006.03.02"]
[Round "7"]
[White "Gorsek, Gregor"]
[Black "Mali, Matic"]
[Result "1-0"]
[WhiteElo "1886"]
[BlackElo "1651"]
[PlyCount "87"]
[EventDate "2006.02.26"]
[EventType "swiss"]
[EventRounds "9"]
[EventCountry "SLO"]
[SourceTitle "EXT 2009"]
[Source "ChessBase"]
[SourceDate "2008.11.26"]
[SourceVersion "1"]
[SourceVersionDate "2008.11.26"]
[SourceQuality "1"]

1. e4 c5 2. c3 d5 3. e5 Nc6 4. d4 f6 5. Bb5 cxd4 6. cxd4 Bf5 7. Qa4 Bd7 8. e6 Bxe6 9. Bxc6+ bxc6 10. Qxc6+ Kf7 11. Nc3 g6 12. Nge2 Qc8 13. Qa4 Bd7 14. Qd1 e6 15. 0-0 Nh6 16. Ng3 Kg7 17. Qf3 Nf7 18. h4 h5 19. Bd2 Qb7 20. b3 Bb4 21. Rac1 Rac8 22. Nb1 Bxd2 23. Nxd2 Qa6 24. a4 Qa5 25. Qe3 e5 26. Nf3 e4 27. Nh2 Qb6 28. Ne2 Rxc1 29. Rxc1 Rc8 30. Rxc8 Bxc8 31. Qc3 Bb7 32. Nf4 f5 33. Nf1 Nd8 34. Qg3 Kh7 35. Ne3 Qd6 36. f3 Nc6 37. Nc2 Ba6 38. Qg5 Na5 39. Ne3 Nxb3 40. Nexd5 Nxd4 41. Nf6+ Kg7 42. Qxg6+ Kf8 43. Qg8+ Ke7 44. N4d5+ 1-0

[Event "SLO-ch U16"]
[Site "Murska Sobota"]
[Date "2006.03.01"]
[Round "5"]
[White "Zupec, Nejc"]
[Black "Mali, Matic"]
[Result "1/2-1/2"]
[WhiteElo "1663"]
[BlackElo "1651"]
[PlyCount "57"]
[EventDate "2006.02.26"]
[EventType "swiss"]
[EventRounds "9"]
[EventCountry "SLO"]
[SourceTitle "EXT 2009"]
[Source "ChessBase"]
[SourceDate "2008.11.26"]
[SourceVersion "1"]
[SourceVersionDate "2008.11.26"]
[SourceQuality "1"]

1. d4 d5 2. Nf3 c6 3. c3 Nf6 4. Bf4 Nh5 5. Bg3 Nxg3 6. hxg3 g6 7. e3 Bg7 8. Nbd2 f6 9. c4 e5 10. dxe5 fxe5 11. Qb3 d4 12. exd4 exd4 13. 0-0-0 c5 14. Re1+ Kf7 15. Bd3 Nc6 16. Re2 Bf6 17. Rhe1 Qb6 18. Ne4 Qxb3 19. axb3 Be7 20. Neg5+ Bxg5+ 21. Nxg5+ Kg7 22. Ne4 b6 23. Nd6 Rd8 24. Ne8+ Kf7 25. Nc7 Bg4 26. f3 Rac8 27. Nd5 Bd7 28. Kd2 Re8 29. Be4 1/2-1/2

[Event "SLO-ch U16"]
[Site "Sentjur"]
[Date "2005.03.08"]
[Round "9"]
[White "Gorsek, Gregor"]
[Black "Mali, Matic"]
[Result "1-0"]
[WhiteElo "1765"]
[BlackElo "1527"]
[PlyCount "85"]
[EventDate "2005.02.26"]
[EventType "swiss"]
[EventRounds "9"]
[EventCountry "SLO"]
[SourceTitle "EXT 2008"]
[Source "ChessBase"]
[SourceDate "2007.11.25"]
[SourceVersion "1"]
[SourceVersionDate "2007.11.25"]
[SourceQuality "1"]

1. e4 e5 2. Nc3 Nc6 3. Bc4 Na5 4. Bb3 Nxb3 5. axb3 d6 6. d4 Bd7 7. dxe5 dxe5 8. Qd5 Bc6 9. Qxe5+ Qe7 10. Qxe7+ Bxe7 11. Bf4 Bb4 12. 0-0-0 Bxc3 13. bxc3 Rd8 14. Rxd8+ Kxd8 15. f3 Ne7 16. Ne2 Ng6 17. Rd1+ Kc8 18. Bg3 f6 19. Rd3 Re8 20. Kd2 Rd8 21. Ke3 Rxd3+ 22. cxd3 Bd7 23. d4 b5 24. Nf4 Nxf4 25. Bxf4 a5 26. Kd3 c6 27. Bd6 Be6 28. c4 Kd7 29. Bf8 g6 30. d5 cxd5 31. cxd5 Bf7 32. Kd4 Kc7 33. Kc5 a4 34. Kb4 Be8 35. Bg7 f5 36. e5 Kd8 37. Bf8 Bd7 38. e6 axb3 39. Kxb3 Bc8 40. Kc3 Ke8 41. Bb4 Bb7 42. Kd4 h5 43. Ke5 1-0

[Event "SLO-ch U16"]
[Site "Sentjur"]
[Date "2005.02.26"]
[Round "1"]
[White "Mali, Matic"]
[Black "Turek, Lan Timotej"]
[Result "1-0"]
[WhiteElo "1527"]
[BlackElo "1757"]
[PlyCount "91"]
[EventDate "2005.02.26"]
[EventType "swiss"]
[EventRounds "9"]
[EventCountry "SLO"]
[SourceTitle "CBM 105 Extra"]
[Source "ChessBase"]
[SourceDate "2005.05.01"]
[SourceVersion "1"]
[SourceVersionDate "2005.05.01"]
[SourceQuality "1"]

1. e4 e5 2. Nf3 Nc6 3. Bc4 Bc5 4. d3 h6 5. Nc3 d6 6. h3 Nf6 7. Na4 Bb6 8. Nxb6 axb6 9. Be3 0-0 10. 0-0 Be6 11. Bb3 Qd7 12. Qd2 Kh7 13. c3 Na5 14. Bc2 Kg8 15. b3 Qe7 16. d4 Bd7 17. Qd3 d5 18. dxe5 Nxe4 19. Qxd5 Bc6 20. Qd3 f5 21. b4 f4 22. Bd4 Rae8 23. bxa5 Ng5 24. Nxg5 Qxg5 25. Qh7+ Kf7 26. Qf5+ Qxf5 27. Bxf5 Kg8 28. Bc2 Bb5 29. Rfe1 c5 30. e6 cxd4 31. e7 Rf6 32. Bb3+ Kh8 33. c4 Bc6 34. c5 bxc5 35. Re5 Rg6 36. Bf7 Rxg2+ 37. Kf1 f3 38. Bxe8 Bxe8 39. Rxc5 Kh7 40. Rb1 Rh2 41. Kg1 Rg2+ 42. Kh1 Rxf2 43. Rc8 Bg6 44. e8Q Bxe8 45. Rxe8 d3 46. Rd8 1-0